000 00263 a2200097 4500
020 _a9788126408085
100 _aVijayakumar Menon, ed.
245 _aPuzhayude nattariv(പുഴയുടെ നാട്ടറിവ്)
260 _bD C books
_c2025
942 _cOO
999 _c115319
_d115318